000 00859nam a22002177a 4500
003 LK-CoDNM
005 20241007135257.0
008 241007b |||||||| |||| 00| 0 eng d
040 _aLK-CoDNM
_dLK-CoDNM
_eLK-CoDNM
041 _asin
080 _a105
_bA22
100 _aඅත්තනායක,බන්ධුල
245 _aග්‍රහ අපල සඳහා ක්‍රමාණුකූලව බෝධි පූජා තබන හැටි
260 _aසරස්වතී මුද්‍රණාලය
_cදිවුල්පිටිය
300 _a30p ; 24cm
650 _a105 A22
650 _aSinhala
650 _aඅත්තනායක,බන්ධුල
650 _aග්‍රහ අපල සඳහා ක්‍රමාණුකූලව බෝධි පූජා තබන හැටි
942 _cBK
999 _c218027
_d218027